1630 1872 1508 1029 1410 1571 1685 1542 1076 1715 1741 1383 1582 1219 1940 1823 1829 1743 1171 1042 1830 1766 1597 1821 1250 1307 1786 1859 1593 1595 1889 1101 1111 1054 1616 1865 1711 1961 1940 1981 1316 1181 1977 1469 1119 1101 1482 1726 1046 1877 1879 1108 1372 1897 1850 1502 1163 1267 1725 1710 1801 1853 1014 1876 1360 1723 1494 1827 1900 1178 1600 1915 1364 1905 1918 1934 1425 1001 1365 1500 1630 1963 1054 1991 1513 1703 1850 1877 1799 1303 1395 1435 1022 1259 1314 1112 1983 1068 1865 BCNSPRNW ULIB Ver.6.0+V

เปลี่ยนเป็นภาษาไทย

Change to English
 แสดงรายละเอียดบรรณานุกรม
  กลับหน้าหลัก

Brief Record : Get Marc (ISO 2709) : E-mail record : QR code < ปิดหน้าต่าง
LEADER : 00000nam 2200000uu 4500
001    13399122122
003     ULIB
008    121227s2550||||th 000 0 tha d
020    ^a9786110600811
090    ^aนว.^bม111ร
100    ^aอูหลิง^eเขียน
245    ^aมากกว่ารัก รักหวนสู่กลางใจ /^cอูหลิง
260    ^aกรุงเทพฯ :^bแจ่มใส,^c2550
300    ^a207 หน้า
700    ^aมดแดง^eแปล
945    ^p149^l0^i015831
999    ^aวิภา
รายการนี้ยังไม่มีแท็ก
คุณยังไม่ได้ล็อกอิน คุณสามารถมีกิจกรรมร่วมกับเว็บไซต์ได้ แต่ต้องล็อกอินก่อน ::
  ล็อกอิน

รายการสื่อสารสนเทศ

ลำดับที่ ประเภท เลขเรียก/บาร์โค้ด สถานที่ สถานะ
1. นวนิยาย
นวนิยาย
นว. ม111ร  
  Barcode: 015831
ห้องสมุดวิทยาเขตสวรรค์ประชารักษ์
►นวนิยาย
บนชั้น
  ขอยืม

BibComment


ยังไม่เคยถูกคอมเมนท์

คอมเมนท์ทรัพยากรรายการนี้
  คอมเมนท์: มากกว่ารัก รักหว..


 Copyright 2026. Bcnsprnw @Library